000 00534nam a22001697a 4500
008 130309t xxu||||| |||| 00| 0 eng d
020 _a9-7814-0577-0675
082 _222 ed.
_a347.0504 CIV
100 _aNeubergr,Lord(editor in chief)
_97058
245 _aThe civil court practice 2012 /
_cLord Neubergr, ( editor in chief)
260 _aUK :
_bLexis Nexis
_c2012
300 _accxlii, 7217 P. ;
_c25 cm.
500 _aIncludes Index
650 _aCivil
_97056
650 _aThe civil court practice 2012
_97057
942 _2ddc
_cBK
999 _c5322
_d5322